BIM (Record no. 84205)

MARC details
000 -LEADER
fixed length control field 00701cab a22001935a 4500
001 - CONTROL NUMBER
control field L156937
008 - FIXED-LENGTH DATA ELEMENTS--GENERAL INFORMATION
fixed length control field 120731s2012 xxka f 000 0 eng d
035 ## - SYSTEM CONTROL NUMBER
System control number (Sirsi) u156937
041 0# - LANGUAGE CODE
Language code of text/sound track or separate title eng
100 1# - MAIN ENTRY--PERSONAL NAME
Personal name Smith, Jason A
245 00 - TITLE STATEMENT
Title BIM
Remainder of title a contractor's perspective
260 ## - PUBLICATION, DISTRIBUTION, ETC.
Date of publication, distribution, etc. 2012
490 ## - SERIES STATEMENT
Series statement Civil Engineering Surveyor
Volume/sequential designation July/August 2012, 39-41(3)
520 ## - SUMMARY, ETC.
Summary, etc. Examines the overall impact that BIM will have on the UK contracting entities; analyses the benefits BIM can bring to the construction industry; and looks at the legal implications of contracting parties sharing information.
651 #4 - SUBJECT ADDED ENTRY--GEOGRAPHIC NAME
Geographic name United Kingdom
Chronological subdivision
690 ## - LOCAL SUBJECT ADDED ENTRY--TOPICAL TERM (OCLC, RLIN)
Topical term or geographic name as entry element BIM
9 (RLIN) 6219
690 ## - LOCAL SUBJECT ADDED ENTRY--TOPICAL TERM (OCLC, RLIN)
Topical term or geographic name as entry element Contracts
9 (RLIN) 6232
942 ## - ADDED ENTRY ELEMENTS (KOHA)
Suppress in OPAC 0
Holdings
Withdrawn status Lost status Source of classification or shelving scheme Damaged status Not for loan Home library Current library Shelving location Date acquired Total Checkouts Full call number Barcode Date last seen Copy number Price effective from Koha item type
    Dewey Decimal Classification     London London Journal article 31/07/2012   L156937 156937-1001 06/08/2019 1 06/08/2019 Journal article